Geologic map of the Margaritifer Sinus quadrangle of Mars /

Bibliographic Details
Main Author: Saunders, Ronald Stephen, 1940-
Corporate Author: Geological Survey (U.S.)
Format: Government Document Map
Language:English
Published: Reston, Va. : The Survey, 1979.
Series:Miscellaneous investigations series (Geological Survey (U.S.)) ; map I-1144.
Subjects:

MARC

Tag First Indicator Second Indicator Subfields
LEADER 00000cem a2200000Ia 4500
001 in00002467690
005 20151111041940.0
007 ar canzn
008 800915s1979 vaub bd a 0 eng d
034 1 |a a  |b 5000000 
035 |a (OCoLC)ocm06712031 
035 |a (OCoLC)6712031 
040 |a GIS  |c GIS  |d UUM  |d COP  |d OCLCQ  |d STF  |d TXA  |d UtOrBLW 
043 |a zma---- 
049 |a TXAM 
050 1 4 |a G3701.C5 svar  |b .U45, I-1144 
052 |a 3182  |b M3 
074 |a 0619-G-08 
086 0 |a I 19.91:I-1144 
100 1 |a Saunders, Ronald Stephen,  |d 1940- 
245 1 0 |a Geologic map of the Margaritifer Sinus quadrangle of Mars /  |c by R. Stephen Saunders ; Department of the Interior, United States Geological Survey. 
246 3 0 |a Margaritifer Sinus quadrangle of Mars 
255 |a Scale 1:5,000,000 at 0⁰ latitude ;  |b Mercator proj. 
264 1 |a Reston, Va. :  |b The Survey,  |c 1979. 
300 |a 1 map :  |b color ;  |c 37 x 54 cm., on sheet 86 x 96 cm., folded in envelope 30 x 24 cm. 
336 |a cartographic image  |b cri  |2 rdacontent 
337 |a unmediated  |b n  |2 rdamedia 
338 |a sheet  |b nb  |2 rdacarrier 
490 1 |a Miscellaneous geologic investigations ;  |v map I-1144 
490 1 |a Atlas of Mars - U.S. Geological Survey ;  |v (MC-19) 
500 |a Relief shown by shading. 
500 |a Photo map. 
500 |a Includes text, index maps to photographs, and tables. 
500 |a "Prepared for the National Aeronautics and Space Administration." 
504 |a Includes bibliographical references. 
500 |a Cartographic material. 
651 0 |a Mars (Planet)  |x Geology  |v Remote-sensing maps. 
710 2 |a Geological Survey (U.S.) 
830 0 |a Miscellaneous investigations series (Geological Survey (U.S.)) ;  |v map I-1144. 
810 2 |a Geological Survey (U.S.).  |t Atlas of Mars.  |p 1:5,000,000 geologic series ;  |v (MC-19) 
994 |a C0  |b TXA 
948 |a cataloged  |b h  |c 2009/07/09  |e rzeske  |f 01:24:55 pm 
999 |a MARS 
999 f f |s eaacbd45-ffd1-39f4-b627-d46d5d99356f  |i ca28e562-6bc4-3fc6-97ac-b825acff1de5  |t 0 
952 f f |p normal  |a Texas A&M University  |b College Station  |c Sterling C. Evans Library  |d Evans: Maps File (2nd floor)  |t 0  |e I 19.91:I-1144  |h Superintendent of Documents classification  |i unmediated -- sheet  |m A14837625448 
998 f f |a I 19.91:I-1144  |t 0  |l Evans: Maps File (2nd floor)